|
|
|
|
| LEADER |
00000cam a2200000 a 4500 |
| 001 |
vtls009493010 |
| 003 |
SK-MaSNL |
| 005 |
20260301171242.0 |
| 008 |
240314s2008 xo dl f 000 0 slo |
| 015 |
|
|
|a SNBA2009/04-01961
|
| 020 |
|
|
|a 9788055201566
|q (brož.)
|
| 035 |
|
|
|a E9A6046C-2CD2-4DD2-9968-C352D6DD6DFE
|
| 035 |
|
|
|a urn:nbn:sk:snk-amk8cf
|
| 035 |
|
|
|a urn:nbn:sk:snk-am008cdj
|
| 040 |
|
|
|a SNK
|b slo
|c SNK
|e AACR2
|
| 041 |
0 |
|
|a slo
|b eng
|
| 044 |
|
|
|a xo
|c SK
|
| 072 |
|
7 |
|a 636
|x Živočíšna výroba
|2 konspekt
|
| 072 |
|
7 |
|a 339
|x Obchod
|2 konspekt
|
| 080 |
|
|
|a 636.5
|2 2001
|
| 080 |
|
|
|a 637.54'65
|2 2001
|
| 080 |
|
|
|a 339.138
|2 2001
|
| 080 |
|
|
|a 658.5-025.21
|2 2001
|
| 080 |
|
|
|a (048.8)
|2 2001
|
| 100 |
1 |
|
|a Nagyová, Ľudmila,
|d 1953-
|4 aut
|9 196383
|
| 245 |
1 |
0 |
|a Výrobné a marketingové prístupy k vertikále hydiny a hydinových výrobkov
|b monografia
|c Ľudmila Nagyová, Zuzana Drnzíková
|
| 250 |
|
|
|a 1. vyd.
|
| 260 |
|
|
|a Nitra
|b Slovenská poľnohospodárska univerzita
|c 2008
|
| 300 |
|
|
|a 144 s.
|b grafy, tab.
|c 25 cm
|
| 366 |
|
|
|e 50 výt.
|
| 500 |
|
|
|a Zozn. tab.
|
| 504 |
|
|
|a Bibliogr. s. 124-129
|
| 546 |
|
|
|a Res. angl.
|
| 650 |
0 |
7 |
|a hydina
|2 SNKPH
|9 2747
|
| 650 |
0 |
7 |
|a hydinové mäso
|2 SNKPH
|9 65949
|
| 650 |
0 |
7 |
|a marketing
|2 SNKPH
|9 2299
|
| 650 |
0 |
7 |
|a výrobné systémy
|2 SNKPH
|9 29111
|
| 655 |
|
7 |
|a monografie
|2 SNKPH
|9 70139
|
| 700 |
1 |
|
|a Drnzíková, Zuzana
|4 aut
|9 538649
|
| 919 |
|
|
|a 978-80-552-0156-6
|
| 958 |
|
|
|a NB
|
| 958 |
|
|
|a OND
|
| 968 |
|
|
|d 63
|
| 999 |
|
|
|c 830232
|d 832162
|
| 952 |
|
|
|a SNK
|b SNK
|y PREZ
|7 0
|p 17A0618861
|o snkSC 135357
|i snk2009/7314
|8 0
|0 0
|1 0
|4 0
|d 2009-04-17
|l 0
|r 2025-07-01 00:00:00
|w 2026-02-24
|
| 952 |
|
|
|a SNK
|b SNK
|y VYP
|7 0
|p 17A0618862
|o snkSC 135357 D1
|i snk2009/7315
|8 0
|0 0
|1 0
|4 0
|d 2009-04-17
|f 1
|l 0
|r 2026-02-24 03:35:39
|w 2026-02-24
|